Państwa, goszczące zarówno Letnie, jak i Zimowe Igrzyska Olimpijskie - Statystyki

Ogólne statystyki
  • Ten quiz został rozwiązany 3 870 razy
  • Średni wynik to 7 z 8
Statystyki odpowiedzi
# Letnich # Zimowych Państwo % Poprawnych
5 4 Stany Zjednoczone
99%
3 3 Francja
96%
2 2 Japonia
92%
1 2 Kanada
92%
1 1 Chiny
91%
2 1 Niemcy
91%
1 3 Włochy
88%
1 1 Korea Południowa
72%
Nie znaleziono quizów pasujących do podanych kryteriów
Rozkład punktacji
Procent ludzi z każdym wynikiem
Percentyl według liczby udzielonych odpowiedzi
Twoja historia wyników
Nie rozwiązałeś tego quizu